Statistics for Players to Win the European Cup/UCL, World Cup and Ballon d'Or

Click here to take the quiz!

General Stats

  • This quiz has been taken 333 times
  • The average score is 7 of 9

Answer Stats

PlayerTitleYear% Correct
Lionel MessiWorld Cup2022
99%
RonaldinhoWorld Cup2002
93%
Zinedine ZidaneWorld Cup1998
91%
KakáWorld Cup2002
90%
RivaldoWorld Cup2002
83%
Franz BeckenbauerWorld Cup1974
74%
Gerd MüllerWorld Cup1974
71%
Sir Bobby CharltonWorld Cup1966
71%
Paolo RossiWorld Cup1982
52%

Score Distribution

Percentile by Number Answered

Percent of People with Each Score

Your Score History

You have not taken this quiz